[Event "Asian Indoor Games 3rd Prelim"]
[Site "Ha Long City"]
[Date "2009.11.06"]
[Round "9"]
[White "Koosiripanit, Worakamon"]
[Black "Sachdev, Tania"]
[Result "0-1"]
[WhiteElo "1924"]
[BlackElo "2399"]
[PlyCount "80"]
[EventDate "2009.11.05"]
[EventType "team (rapid)"]
[EventRounds "9"]
[EventCountry "VIE"]
[SourceTitle "CBM 133 Extra"]
[Source "ChessBase"]
[SourceDate "2010.01.05"]
[SourceVersion "1"]
[SourceVersionDate "2010.01.05"]
[SourceQuality "1"]

1. e4 e5 2. Nf3 Nc6 3. Bc4 Nf6 4. Nc3 Bc5 5. d3 h6 6. h3 d6 7. Na4 Bb6 8. Nxb6 axb6 9. 0-0 0-0 10. Bd2 Na5 11. Bb3 Nxb3 12. axb3 Be6 13. Nh2 Rxa1 14. Qxa1 d5 15. Bc3 dxe4 16. dxe4 Nxe4 17. Rd1 Qh4 18. Be1 Qf6 19. Qa4 Nc5 20. Ng4 Qg6 21. Qa1 Bxg4 22. hxg4 Qxc2 23. Bb4 Nxb3 24. Qb1 Qxb1 25. Rxb1 Rd8 26. Re1 f6 27. Kh2 c5 28. Bc3 Rd3 29. Re3 Rxe3 30. fxe3 Kf7 31. Kg3 b5 32. Kf3 b4 33. Be1 Na5 34. Bd2 Ke6 35. Ke4 Nc4 36. Bc1 Nd6+ 37. Kd3 Kd5 38. b3 b5 39. Bb2 c4+ 40. bxc4+ bxc4+ 0-1